000 00316nam a2200133Ia 4500
008 240624s9999 xx 000 0 und d
041 _aeng
082 _a823 STE
100 _aSTEINBECK JOHN
245 _aGRAPES OF WRATH
260 _c2005
_aNew Delhi
_bPenguin Books India
300 _a528 : p.
365 _cRS
_b25
999 _c23629
_d23629